International relations / (Record no. 184093)
[ view plain ]
| 000 -LEADER | |
|---|---|
| fixed length control field | 00907 a2200205 4500 |
| 003 - CONTROL NUMBER IDENTIFIER | |
| control field | NUST |
| 005 - DATE AND TIME OF LATEST TRANSACTION | |
| control field | 20230301140858.0 |
| 010 ## - LIBRARY OF CONGRESS CONTROL NUMBER | |
| LC control number | 70444972 |
| 040 ## - CATALOGING SOURCE | |
| Transcribing agency | Nust |
| 082 ## - DEWEY DECIMAL CLASSIFICATION NUMBER | |
| Classification number | 327,FRA |
| 100 ## - MAIN ENTRY--PERSONAL NAME | |
| Personal name | Frankel, Joseph |
| 9 (RLIN) | 37723 |
| 245 ## - TITLE STATEMENT | |
| Title | International relations / |
| Statement of responsibility, etc. | Joseph Frankel |
| 250 ## - EDITION STATEMENT | |
| Edition statement | 2nd ed. |
| 260 ## - PUBLICATION, DISTRIBUTION, ETC. | |
| Place of publication, distribution, etc. | Oxford University Press |
| Name of publisher, distributor, etc. | London, New York, |
| Date of publication, distribution, etc. | 1969 |
| 300 ## - PHYSICAL DESCRIPTION | |
| Extent | xv, 175 p.: |
| Other physical details | 21 cm |
| 505 ## - FORMATTED CONTENTS NOTE | |
| Formatted contents note | The State as Units if International Society (Page-1), The Making of Foreign Policy (Page-26), The Foreign Policies of Some Great Powers (Page-44), Interaction among States and State Power (Page-71), Instruments and Techniques of State Interaction (Page-92), International Society and its Current Problems (Page-117), The Instruments and Agencies of International Society (Page-139). |
| 600 ## - SUBJECT ADDED ENTRY--PERSONAL NAME | |
| Personal name | Frankel, Joseph |
| 9 (RLIN) | 37723 |
| 650 ## - SUBJECT ADDED ENTRY--TOPICAL TERM | |
| Topical term or geographic name entry element | International relations |
| 942 ## - ADDED ENTRY ELEMENTS (KOHA) | |
| Source of classification or shelving scheme | |
| Koha item type | Book |
| Call number prefix | 327,FRA |
| Withdrawn status | Lost status | Source of classification or shelving scheme | Damaged status | Not for loan | Permanent Location | Current Location | Shelving location | Date acquired | Full call number | Barcode | Date last seen | Price effective from | Koha item type | Public note | Collection code | Total Checkouts |
|---|---|---|---|---|---|---|---|---|---|---|---|---|---|---|---|---|
| Military College of Signals (MCS) | Military College of Signals (MCS) | General Stacks | 12/12/2016 | 327,FRA | MCS21448 | 12/08/2016 | 12/12/2016 | Book | Almirah No.49, Shelf No.6 | |||||||
| Military College of Signals (MCS) | Military College of Signals (MCS) | General Stacks | 12/12/2016 | 327,FRA | MCS21449 | 12/08/2016 | 12/12/2016 | Book | Almirah No.73, Shelf No.5 | |||||||
| Military College of Signals (MCS) | Military College of Signals (MCS) | 12/12/2016 | 327 FRA | MCS21450 | 12/08/2016 | 12/12/2016 | Book |
